Vainqueur du Ballon d'Or masculin: Click quiz - Statistiques

Statistiques générales
  • Ce quiz a été pris 99 fois
  • Le résultat moyen est 17 sur 67
Statistiques - réponses
Hint Réponse % Correct
2023 Lionel Messi
54%
2017 Cristiano Ronaldo
52%
2007 Kaka
52%
2022 Karim Benzema
52%
2021 Lionel Messi
49%
2010 Lionel Messi
48%
2019 Lionel Messi
48%
2014 Cristiano Ronaldo
46%
2011 Lionel Messi
46%
1998 Zinédine Zidane
45%
2008 Cristiano Ronaldo
43%
2016 Cristiano Ronaldo
43%
2015 Lionel Messi
43%
2006 Fabio Cannavaro
42%
2013 Cristiano Ronaldo
41%
2012 Lionel Messi
41%
2018 Luka Modric
41%
2002 Ronaldo
39%
2009 Lionel Messi
36%
2004 Andrei Shevchenko
35%
2005 Ronaldinho
33%
2000 Luis Figo
32%
2003 Pavel Nedved
30%
2001 Micheal Owen
29%
1999 Rivaldo
29%
1995 George Weah
25%
1988 Marco van Basten
25%
1984 Michel Platini
25%
1983 Michel Platini
23%
1997 Ronaldo
23%
1957 Alfredo Di Stefano
22%
1966 Bobby Charlton
22%
1985 Michel Platini
22%
1959 Alfredo Di Stefano
20%
1994 Hristo Stoïchkov
20%
1986 Igor Belanov
20%
1991 Jean-Pierre Papin
20%
1990 Lothar Matthäus
20%
1989 Marco van Basten
20%
1996 Matthias Sammer
20%
1956 Stanley Matthews
20%
1973 Johan Cruyff
19%
1982 Paolo Rossi
19%
1993 Roberto Baggio
19%
1980 Karl-Heinz Rummenigge
17%
1987 Ruud Gullit
17%
1972 Franz Beckenbauer
16%
1970 Gerd Muller
16%
1992 Marco van Basten
16%
1977 Alan Simonsen
14%
1968 George Best
14%
1974 Johan Cruyff
14%
1978 Kevin Keegan
13%
1979 Kevin Keegan
13%
1963 Lev Yachine
13%
1965 Eusebio
12%
1976 Franz Beckenbauer
12%
1971 Johan Cruyff
12%
1962 Josef Masopust
12%
1981 Karl-Heinz Rummenigge
12%
1964 Denis Law
10%
1975 Oleg Blokhine
10%
1967 Florian Albert
9%
1969 Gianni Rivera
9%
1960 Luis Suarez
9%
1958 Raymond Kopa
9%
1961 Omar Sivori
6%
Aucun quiz correspondant
Distribution des résultats
% des personnes avec chaque résultat
Percentile par nombre de réponses
Votre historique - résultats
Vous n’avez pas pris ce quiz